1763 1147 1323 1520 1341 1270 1561 1248 1049 1775 1846 1794 1367 1980 1924 1514 1765 1188 1512 1757 1405 1046 1618 1110 1762 1118 1800 1010 1738 1356 1875 1348 1531 1726 1245 1896 1510 1617 1236 1796 1612 1605 1827 1578 1607 1226 1805 1119 1111 1378 1328 1006 1216 1966 1349 1451 1675 1373 1672 1067 1886 1760 1869 1024 1725 1335 1678 1891 1965 1346 1617 1275 1854 1794 1599 1804 1154 1173 1443 1002 1602 1220 1680 1173 1967 1958 1316 1876 1881 1695 1531 1963 1062 1709 1334 1673 1048 1215 1003 BCNSPRNW ULIB Ver.6.0+V

เปลี่ยนเป็นภาษาไทย

Change to English
 แสดงรายละเอียดบรรณานุกรม
  กลับหน้าหลัก

Brief Record : Get Marc (ISO 2709) : E-mail record : QR code < ปิดหน้าต่าง
LEADER : 00000nam 2200000uu 4500
001    13399121887
003     ULIB
008    121213s2549||||th 000 0 tha d
020    ^a9741104626
060 04 ^aWO700^bป467ศ
245 00 ^aศัลยศาสตร์อุบัติเหตุ 14 การดูแลรักษาผู้ป่วยอุบัติเหตุ ณห้องฉุกเฉิน /^cบรรณาธิการ, ปรีชา ศิริทองถาวร, เรวัต ชุณหสุวรรณกุล, อนันต์ ตัณมุขยกุล
246 30 ^aการดูแลรักษาผู้ป่วยอุบัติเหตุ ณ ห้องฉุกเฉิน
250    ^aพิมพ์ครั้งที่ 1
260    ^aกรุงเทพฯ :^bสมาคมแพทย์อุบัติเหตุแห่งประเทศไทย,^c2549
300    ^a177 หน้า :^bภาพประกอบ ;^c21 ซม.
650  7 ^aบาดเจ็บศีรษะ
650  7 ^aผู้ป่วย
650  7 ^aแผลไหม้
650  7 ^aศัลยศาสตร์
650  7 ^aห้องฉุกเฉิน^xโรงพยาบาล
650  7 ^aอุบัติเหตุ
700 0  ^aปรีชา ศิริทองถาวร,^eบรรณาธิการ
700 0  ^aเรวัต ชุณหสุวรรณกุล,^eบรรณาธิการ
700 0  ^aอนันต์ ตัณมุขยกุล,^eบรรณาธิการ
710 2  ^aสมาคมแพทย์อุบัติเหตุแห่งประเทศไทย
945    ^p267^l0^i14320
945    ^p267^l0^i15258
995    ^aทศพร
999    ^aทศพร เกษรทอง
รายการนี้ยังไม่มีแท็ก
คุณยังไม่ได้ล็อกอิน คุณสามารถมีกิจกรรมร่วมกับเว็บไซต์ได้ แต่ต้องล็อกอินก่อน ::
  ล็อกอิน

รายการสื่อสารสนเทศ

ลำดับที่ ประเภท เลขเรียก/บาร์โค้ด สถานที่ สถานะ
1. วิทยาศาสตร์การแพทย์ และสุขภาพ
วิทยาศาสตร์การแพทย์ และสุขภาพ
WO700 ป467ศ  
  Barcode: 14320
ห้องสมุดวิทยาเขตสวรรค์ประชารักษ์
►หนังสือทั่วไป
บนชั้น
2. วิทยาศาสตร์การแพทย์ และสุขภาพ
วิทยาศาสตร์การแพทย์ และสุขภาพ
WO700 ป467ศ ฉ.1 
  Barcode: 15258
ห้องสมุดวิทยาเขตสวรรค์ประชารักษ์
►หนังสือทั่วไป
บนชั้น

รายการใกล้เคียง
    หัวเรื่อง [บาดเจ็บศีรษะ]
    หัวเรื่อง [ผู้ป่วย]
    หัวเรื่อง [แผลไหม้]
    หัวเรื่อง [ศัลยศาสตร์]
    หัวเรื่อง [อุบัติเหตุ]

BibComment


ยังไม่เคยถูกคอมเมนท์

คอมเมนท์ทรัพยากรรายการนี้
  คอมเมนท์: ศัลยศาสตร์อุบัติ..


 Copyright 2026. Bcnsprnw @Library